000 01201nam a2200277Ia 4500
003 OSt
005 20221005110518.0
006 a|||||r|||| 00| 0
007 ta
008 221004b |||||||| |||| 00| 0 san d
020 _a9789380829029 (hbk)
_c350
024 _a9261
037 _b694/1, 28/02/2014, Vidyanidhi Prakashan
_cTextual
040 _aCRL
_cCRL
_bsan
041 _2san
_asan
082 _aO15:gxE89,LA, 152Q3
100 _aकलिकालसर्वज्ञ आचार्य हेमन्द्र
_9624118
245 0 _aलघ्वर्हत्रीति
246 _aLaghvarhatrīti
260 _aनई दिल्ली
_bन्यू भारतीय बुक कॉरपोरेशन भारत
_c2013
300 _a282पृ0
_ccm.
650 _aसंस्कृत साहित्य
700 _a अशोक कुमार सिंह, संपा.
942 _hO15:gxE89,LA, 152Q3
_cTEXL
_2cc
999 _c1019050
_d1019050